000 00265nam a22001217a 4500
008 170308b xxu||||| |||| 00| 0 eng d
041 _aeng
080 _212TH
_a611
100 _a6
101 _aSHM
245 _aANATOMY & PHYSIOLOGY
_cTEMPLIN, J.M
942 _2udc
_cBK
999 _c7215
_d7215